Statistics for Irreligious Countries

Click here to take the quiz!

General Stats

  • This quiz has been taken 49,407 times
    (23,844 since last reset)
  • The average score is 14 of 20

Answer Stats

%Country% Correct
90China
89%
69United Kingdom
89%
73Sweden
87%
62Norway
86%
60Japan
85%
57Canada
84%
60Germany
83%
63Australia
80%
61Denmark
80%
66Netherlands
75%
64Belgium
73%
60South Korea
73%
58Switzerland
68%
56Ireland
67%
57Spain
63%
60Estonia
58%
72Czech Republic
55%
63Vietnam
52%
58Israel
20%
64Azerbaijan
11%

Score Distribution

Percentile by Number Answered

Percent of People with Each Score

Your Score History

You have not taken this quiz since the last reset